000 00836nam a22002651 4500
001 12129
003 BD-RjUL
005 20211208235235.0
008 140128s1952 caua 001 0 eng
035 _a(BD-RjUL)12178
040 _aDLC
_cDLC
_dDLC
_dBD-RjUL
_beng
041 _aeng
082 0 0 _a581.1
_bBOP 1952
100 1 _aBonner, James,
_d1910-
_937563
245 0 0 _aPrinciples of plant physiology /
_cby James Bonner and Arthur W. Galston. Illus. by Evan L. Gillespie.
260 _aSan Francisco :
_bW. H. Freeman,
_cc1952.
300 _ax, 499 p. :
_billus. ;
_c25 cm.
490 0 _aA Series of biology texts
504 _aIncludes bibliographical references and index.
650 0 _aPlant physiology.
_9799
700 1 _aGalston, Arthur W.
_937466
942 _2ddc
_cBK
_01
999 _c12129
_d12129